Railway Stations in Great Britain Starting with L - Statistics

General Stats
  • This quiz has been taken 112 times
    44 since last reset
  • The average score is 55 of 169
Answer Stats
County Passengers (2024/2025) Station % Correct
Greater London 27,727,108 London Kings Cross
100%
City of London 98,015,658 London Liverpool Street
95%
Greater London 1,482,668 Lee
90%
Leicestershire 5,527,136 Leicester
90%
Greater London 70,389,546 London Waterloo
90%
West Yorkshire 27,309,508 Leeds
85%
Lincolnshire 2,286,040 Lincoln
85%
Greater London 40,248,974 London Euston
85%
Greater London 38,842,772 London St Pancras International
85%
Greater London 53,784,358 London Victoria
85%
Bedfordshire 3,665,966 Luton
85%
Kent 41,564 Leigh
80%
Merseyside 14,430,214 Liverpool Lime Street
80%
Greater London 54,685,648 London Bridge
80%
Greater London 69,897,084 London Paddington
80%
Lancashire 2,184,042 Lancaster
75%
Merseyside 14,820,216 Liverpool Central
75%
East Sussex 2,626,246 Lewes
70%
City of London 10,862,630 London Fenchurch Street
65%
Leicestershire 1,421,786 Loughborough
65%
City of London 15,193,088 London Blackfriars
60%
City of London 7,507,972 London Cannon Street
60%
Greater London 19,767,784 London Charing Cross
60%
Warwickshire 2,544,520 Leamington Spa
55%
Herefordshire 260,220 Leominster
55%
Greater London 7,023,970 Lewisham
55%
Conwy 456,052 Llandudno
55%
Greater London 11,772,892 London Marylebone
55%
Bedfordshire 4,740,742 Luton Airport Parkway
55%
Bedfordshire 1,523,698 Leighton Buzzard
50%
Hertfordshire 1,779,634 Letchworth Garden City
50%
Staffordshire 777,334 Lichfield City
50%
Staffordshire 887,958 Lichfield Trent Valley
50%
Cornwall 353,556 Liskeard
50%
West Sussex 804,446 Littlehampton
50%
Cornwall 119,600 Looe
50%
Suffolk 468,156 Lowestoft
50%
Essex 1,689,868 Leigh-on-Sea
45%
Merseyside 2,164,108 Liverpool South Parkway
45%
Surrey 868,894 London Road
45%
East Sussex 391,726 London Road
45%
Shropshire 271,100 Ludlow
45%
South Lanarkshire 263,532 Lanark
40%
North Ayrshire 384,942 Largs
40%
Hampshire 608,654 Liphook
40%
Merseyside 3,120,046 Liverpool James Street
40%
Conwy 397,122 Llandudno Junction
40%
Isle of Anglesey 38,650 Llanfairpwll
40%
Greater London 6,841,002 London Waterloo East
40%
Greater Manchester 285,908 Lostock
40%
Greater London 1,233,640 Loughborough Junction
40%
Greater London 1,254,886 Ladywell
35%
Berkshire 1,153,338 Langley
35%
Falkirk 812,100 Larbert
35%
Greater London 877,314 Lea Bridge
35%
Surrey 1,480,646 Leatherhead
35%
Herefordshire 194,606 Ledbury
35%
Cornwall 31,072 Lelant
35%
Fife 185,424 Leven
35%
Surrey 415,280 Lingfield
35%
Hampshire 308,448 Liss
35%
West Midlands 891,698 Longbridge
35%
Staffordshire 81,226 Longton
35%
Cornwall 94,184 Lostwithiel
35%
Isle of Wight 19,744 Lake
30%
Warwickshire 38,396 Lapworth
30%
Bedfordshire 1,496,012 Leagrave
30%
Cornwall 650 Lelant Saltings
30%
Fife 584,032 Leuchars
30%
Greater Manchester 472,012 Levenshulme
30%
Lancashire 450,718 Leyland
30%
Greater London 2,559,778 Limehouse
30%
West Lothian 1,033,616 Livingston North
30%
West Lothian 370,340 Livingston South
30%
Cardiff 430,768 Llandaf
30%
Carmarthenshire 392,682 Llanelli
30%
Greater London 1,911,346 London Fields
30%
Derbyshire 651,792 Long Eaton
30%
West Midlands 81,124 Lye
30%
Essex 1,926,978 Laindon
25%
South Lanarkshire 254,940 Larkhall
25%
Merseyside 400,690 Lea Green
25%
West Lothian 1,058,874 Linlithgow
25%
West Sussex 281,142 Littlehaven
25%
Buckinghamshire 8,926 Little Kimble
25%
Cambridgeshire 251,780 Littleport
25%
Cheshire 184,024 Little Sutton
25%
Carmarthenshire 13,702 Llandovery
25%
Vale of Glamorgan 265,804 Llantwit Major
25%
Dumfries and Galloway 210,848 Lockerbie
25%
West Yorkshire 47,656 Lockwood
25%
Northamptonshire 330,332 Long Buckby
25%
Surrey 84,920 Longcross
25%
Staffordshire 79,242 Longport
25%
Cheshire 60,696 Lostock Gralam
25%
Lancashire 24,366 Lostock Hall
25%
Greater London 786,602 Lower Sydenham
25%
Hampshire 242,040 Lymington Town
25%
Fife 86,454 Ladybank
20%
Highland 3,978 Lairg
20%
West Sussex 979,620 Lancing
20%
Glasgow City 225,812 Langside
20%
Cumbria 20,288 Langwathby
20%
West Midlands 442,548 Lea Hall
20%
Merseyside 520,920 Leasowe
20%
Greater London 1,551,332 Leyton Midland Road
20%
Greater London 1,151,934 Leytonstone High Road
20%
Bedfordshire 16,576 Lidlington
20%
Greater Manchester 378,280 Littleborough
20%
Powys 990 Llanbister Road
20%
Powys 30,278 Llandrindod
20%
Conwy 37,652 Llanfairfechan
20%
Cardiff 225,800 Llanishen
20%
Argyll and Bute 6,166 Loch Awe
20%
Kent 438,942 Longfield
20%
North Yorkshire 18,214 Long Preston
20%
Cornwall 3,196 Luxulyan
20%
Gloucestershire 194,028 Lydney
20%
Hampshire 100,770 Lymington Pier
20%
Devon 86,996 Lympstone Commando
20%
Devon 92,994 Lympstone Village
20%
Lancashire 128,104 Lytham
20%
Suffolk 920 Lakenheath
15%
Staffordshire 168,684 Landywood
15%
City of Bristol 339,856 Lawrence Hill
15%
Lancashire 74,558 Layton
15%
Cumbria 18,548 Lazonby and Kirkoswald
15%
North Yorkshire 6,868 Lealholm
15%
Kent 130,998 Lenham
15%
East Dunbartonshire 719,886 Lenzie
15%
Norfolk 49,708 Lingwood
15%
Gwynedd 3,844 Llanaber
15%
Gwynedd 14,612 Llanbedr
15%
Caerphilly 69,198 Llanbradach
15%
Carmarthenshire 15,906 Llandeilo
15%
Conwy 27,604 Llanrwst
15%
Swansea 38,484 Llansamlet
15%
Rhondda Cynon Taf 53,140 Llwynypia
15%
Nottinghamshire 55,184 Lowdham
15%
West Yorkshire 292,378 Low Moor
15%
Pembrokshire 5,862 Lamphey
10%
Lancashire 36,914 Langho
10%
West Midlands 161,198 Langley Green
10%
Derbyshire 100,238 Langley Mill
10%
Derbyshire 9,816 Langwith-Whaley Thorns
10%
Devon 8,488 Lapford
10%
Aberdeenshire 87,390 Laurencekirk
10%
Cardiff 241,176 Lisvane and Thornhill
10%
Carmarthenshire 4,016 Llangadog
10%
Powys 752 Llangynllo
10%
Rhondda Cynon Taf 125,092 Llanharan
10%
Gwynedd 38,780 Llwyngwril
10%
Highland 5,294 Loch Eil Outward Bound
10%
Highland 462 Locheilside
10%
Highland 424 Lochluichart
10%
Renfrewshire 134,594 Lochwinnoch
10%
East Lothian 205,200 Longniddry
10%
Renfrewshire 62,206 Langbank
5%
Gwynedd 6,086 Llandanwg
5%
Gwynedd 1,226 Llandecwyn
5%
Powys 2,156 Llangammarch
5%
Carmarthenshire 4,322 Llangennech
5%
Powys 5,300 Llanwrtyd
5%
Highland 2,438 Lochailort
5%
Fife 57,418 Lochgelly
5%
North Yorkshire 58,346 Longbeck
5%
Carmarthenshire 8,604 Llandybie
0%
Blaenau Gwent 94,018 Llanhilleth
0%
Carmarthenshire 1,186 Llanwrda
0%
No matching quizzes found
Score Distribution
Percent of People with Each Score
Percentile by Number Answered
Your Score History
You have not taken this quiz since the last reset